SEISMIC DESIGN AND CONSTRUCTION OF COMPLEX CIVIL ENGINEERING SYSTEMS (Record no. 546757)
[ view plain ]
| 000 -LEADER | |
|---|---|
| fixed length control field | 00538 a2200169 4500 |
| 020 ## - INTERNATIONAL STANDARD BOOK NUMBER | |
| International Standard Book Number | 0-87262-678-4 |
| 082 ## - DEWEY DECIMAL CLASSIFICATION NUMBER | |
| Classification number | 624.1762 SEI |
| Author Mark | L-39-P-190 |
| 090 ## - LOCALLY ASSIGNED LC-TYPE CALL NUMBER (OCLC); LOCAL CALL NUMBER (RLIN) | |
| -- | 2768 |
| -- | 2768 |
| 100 ## - MAIN ENTRY--PERSONAL NAME | |
| Personal name | |
| 110 ## - MAIN ENTRY--CORPORATE NAME | |
| Corporate name or jurisdiction name as entry element | CASSARO, MICHEAL.A |
| 9 (RLIN) | 42952 |
| 245 ## - TITLE STATEMENT | |
| Title | SEISMIC DESIGN AND CONSTRUCTION OF COMPLEX CIVIL ENGINEERING SYSTEMS |
| 260 ## - PUBLICATION, DISTRIBUTION, ETC. | |
| Place of publication, distribution, etc. | NEW YARK |
| Name of publisher, distributor, etc. | AMERICAN SOCIETY FOR CIVIL ENGINEERS ASCE |
| Date of publication, distribution, etc. | 1988 |
| 300 ## - PHYSICAL DESCRIPTION | |
| Extent | VIII, 103P. |
| Dimensions | 24CM. |
| 500 ## - GENERAL NOTE | |
| General note | CONSTRUCTION |
| 526 ## - STUDY PROGRAM INFORMATION NOTE | |
| Program name | 0 |
| Interest level | 0 |
| Reading level | 0 |
| Title point value | 624_176200000000000_SEI_L39P19 |
| 942 ## - ADDED ENTRY ELEMENTS (KOHA) | |
| Source of classification or shelving scheme | |
| Institution code [OBSOLETE] | MCE |
| Koha item type | |
| Call number prefix | 624.1762 SEI |
| Withdrawn status | Lost status | Source of classification or shelving scheme | Damaged status | Not for loan | Permanent Location | Current Location | Date acquired | Total Checkouts | Full call number | Barcode | Date last seen | Date last checked out | Price effective from | Koha item type |
|---|---|---|---|---|---|---|---|---|---|---|---|---|---|---|
| Military College of Engineering (MCE) | Military College of Engineering (MCE) | 06/18/2014 | 1 | 624.1762 SEI L-39-P-190 | MCE-43525 | 11/08/2017 | 11/07/2017 | 06/18/2014 |
